[Event "Hastings Masters 2016/17"]
[Site "Hastings, England"]
[Date "2017.01.03"]
[Round "7.18"]
[White "Eames, Robert S"]
[Black "Webb, Laurence E"]
[Result "1/2-1/2"]
[WhiteElo "2187"]
[BlackElo "2300"]
[PlyCount "0"]
[EventDate "2016.12.28"]

1. e4 {[%clk 1:38:20]} e6 {[%clk 1:40:26]} 2. d4 {[%clk 1:38:16]} d5
{[%clk 1:40:53]} 3. Nc3 {[%clk 1:38:33]} Bb4 {[%clk 1:41:18]} 4. e5
{[%clk 1:38:42]} b6 {[%clk 1:41:28]} 5. a3 {[%clk 1:38:46]} Bxc3+
{[%clk 1:41:35]} 6. bxc3 {[%clk 1:39:09]} Ne7 {[%clk 1:42:00]} 7. Qg4
{[%clk 1:38:45]} Ng6 {[%clk 1:42:16]} 8. h4 {[%clk 1:38:11]} h5 {[%clk 1:42:40]}
9. Qd1 {[%clk 1:37:24]} Ba6 {[%clk 1:42:25]} 10. Bxa6 {[%clk 1:36:04]} Nxa6
{[%clk 1:42:53]} 11. Bg5 {[%clk 1:36:02]} Qd7 {[%clk 1:40:35]} 12. Ne2
{[%clk 1:33:38]} c5 {[%clk 1:36:13]} 13. Ng3 {[%clk 1:29:38]} Rc8
{[%clk 1:35:36]} 14. Nxh5 {[%clk 1:25:12]} Rh7 {[%clk 1:28:04]} 15. Ng3
{[%clk 1:16:53]} Qa4 {[%clk 1:25:51]} 16. h5 {[%clk 1:14:25]} Ne7
{[%clk 1:16:43]} 17. Qd3 {[%clk 0:54:26]} Rh8 {[%clk 1:13:10]} 18. O-O
{[%clk 0:54:34]} cxd4 {[%clk 1:06:14]} 19. cxd4 {[%clk 0:49:10]} Nb8
{[%clk 1:05:29]} 20. c3 {[%clk 0:40:56]} Qc4 {[%clk 1:03:22]} 21. Qf3
{[%clk 0:37:27]} Qxc3 {[%clk 0:40:22]} 22. Qg4 {[%clk 0:37:26]} Nbc6
{[%clk 0:39:55]} 23. Rfd1 {[%clk 0:27:51]} Rg8 {[%clk 0:29:54]} 24. Be3
{[%clk 0:18:58]} Qc2 {[%clk 0:26:14]} 25. Rac1 {[%clk 0:18:00]} Qa4
{[%clk 0:24:03]} 26. f4 {[%clk 0:13:05]} Qxa3 {[%clk 0:22:37]} 27. Bf2
{[%clk 0:12:08]} g6 {[%clk 0:17:44]} 28. h6 {[%clk 0:10:46]} Kd7 {[%clk 0:16:50]}
29. Qg5 {[%clk 0:09:41]} Nf5 {[%clk 0:16:35]} 30. h7 {[%clk 0:07:40]} Rh8
{[%clk 0:16:23]} 31. Nxf5 {[%clk 0:07:46]} gxf5 {[%clk 0:14:40]} 32. Qh5
{[%clk 0:08:03]} Qf8 {[%clk 0:14:26]} 33. Rc3 {[%clk 0:07:19]} Qg7
{[%clk 0:12:33]} 34. Rh3 {[%clk 0:07:38]} Ne7 {[%clk 0:12:06]} 35. Rdd3
{[%clk 0:05:04]} Ng6 {[%clk 0:10:18]} 36. Rdg3 {[%clk 0:04:53]} Qf8
{[%clk 0:09:09]} 37. Qd1 {[%clk 0:03:44]} Kc7 {[%clk 0:05:05]} 38. Ra3
{[%clk 0:03:32]} Kb8 {[%clk 0:04:51]} 39. Qa4 {[%clk 0:03:40]} Qe7
{[%clk 0:04:32]} 40. Rh6 {[%clk 0:01:46]} Rc4 {[%clk 0:03:38]} 41. Qa6
{[%clk 0:49:38]} Qb7 {[%clk 0:46:16]} 42. Qb5 {[%clk 0:49:42]} Qc7
{[%clk 0:45:46]} 43. Be3 {[%clk 0:45:16]} Rc3 {[%clk 0:41:37]} 44. Rxc3
{[%clk 0:44:21]} Qxc3 {[%clk 0:42:05]} 45. Rh3 {[%clk 0:42:41]} Kb7
{[%clk 0:42:00]} 46. Kh2 {[%clk 0:41:18]} Qc6 {[%clk 0:41:43]} 47. Qe2
{[%clk 0:39:42]} Qe8 {[%clk 0:37:29]} 48. Bd2 {[%clk 0:31:25]} Nf8
{[%clk 0:34:59]} 49. Bb4 {[%clk 0:30:34]} Rxh7 {[%clk 0:33:56]} 50. Rxh7
{[%clk 0:30:20]} Nxh7 {[%clk 0:34:24]} 51. Qh5 {[%clk 0:30:23]} Qg8
{[%clk 0:34:16]} 52. Qh4 {[%clk 0:30:29]} a5 {[%clk 0:33:00]} 53. Bd6
{[%clk 0:29:26]} Ka6 {[%clk 0:31:59]} 54. g3 {[%clk 0:28:43]} Nf8
{[%clk 0:25:20]} 55. Qd8 {[%clk 0:25:13]} Qh8+ {[%clk 0:25:23]} 56. Kg2
{[%clk 0:24:20]} Ng6 {[%clk 0:25:41]} 57. Qd7 {[%clk 0:20:29]} Qh5
{[%clk 0:20:49]} 58. Qc8+ {[%clk 0:19:06]} Kb5 {[%clk 0:21:05]} 59. Qd7+
{[%clk 0:19:16]} Kc4 {[%clk 0:21:19]} 60. Qa4+ {[%clk 0:19:15]} Kd3
{[%clk 0:21:07]} 61. Qb3+ {[%clk 0:18:26]} Kxd4 {[%clk 0:20:05]} 62. Qxb6+
{[%clk 0:18:45]} Kd3 {[%clk 0:16:20]} 63. Qb5+ {[%clk 0:15:37]} Kc2
{[%clk 0:15:30]} 64. Qa4+ {[%clk 0:15:48]} Kd3 {[%clk 0:15:20]} 65. Qb3+
{[%clk 0:15:23]} Kd2 {[%clk 0:15:07]} 66. Qa2+ {[%clk 0:14:14]} Kd3
{[%clk 0:14:12]} 67. Qb3+ {[%clk 0:11:03]} 1/2-1/2

[Event "Hastings Masters 2016/17"]
[Site "Hastings, England"]
[Date "2017.01.03"]
[Round "7.19"]
[White "Player, Edmund C"]
[Black "Anderson, John"]
[Result "1-0"]
[WhiteElo "2239"]
[BlackElo "2156"]
[PlyCount "0"]
[EventDate "2016.12.28"]

1. e4 e5 2. Nc3 Nf6 3. g3 c6 4. Bg2 d5 5. d3 dxe4 6. dxe4 Qxd1+ 7. Nxd1 Bc5 8. f3
Na6 9. a3 O-O 10. Nf2 Re8 11. Bh3 h6 12. Bf1 Nc7 13. Nd3 Bf8 14. Be3 b6 15. g4
Nd7 16. O-O-O Ne6 17. Nb4 Nb8 18. Bc4 b5 19. Ba2 Bxb4 20. axb4 a5 21. bxa5 Rxa5
22. Kb1 Nd7 23. Ne2 Ndf8 24. Nc1 Bd7 25. Rd6 Rea8 26. Rhd1 Be8 27. c3 c5 28. Bd5
Ra1+ 29. Kc2 Rc8 30. Nd3 Nd4+ 31. Bxd4 Rxd1 32. Kxd1 exd4 33. cxd4 cxd4 34. Bb3
Nd7 35. Rxd4 Nc5 36. Nxc5 Rxc5 37. Kd2 Kf8 38. Rd3 Ke7 39. Rc3 Kd6 40. Rd3+ Ke7
41. Bd5 f6 42. h4 h5 43. gxh5 Bxh5 44. f4 Be8 45. Rg3 g6 46. Rc3 Kd6 47. b4 Rxc3
48. Kxc3 f5 49. Kd4 fxe4 50. Bxe4 Bf7 51. Bc2 Be8 52. Bd3 1-0

[Event "Hastings Masters 2016/17"]
[Site "Hastings, England"]
[Date "2017.01.03"]
[Round "7.20"]
[White "Garriga Cazorla, Pere"]
[Black "Marzano, Carlo"]
[Result "1-0"]
[WhiteElo "2386"]
[BlackElo "2186"]
[PlyCount "0"]
[EventDate "2016.12.28"]

1. d4 {[%clk 1:40:56]} d5 {[%clk 1:40:42]} 2. c4 {[%clk 1:41:05]} dxc4
{[%clk 1:40:53]} 3. Nf3 {[%clk 1:41:21]} a6 {[%clk 1:39:31]} 4. e3
{[%clk 1:40:30]} e6 {[%clk 1:37:17]} 5. Bxc4 {[%clk 1:40:52]} Nf6
{[%clk 1:36:15]} 6. O-O {[%clk 1:41:04]} b5 {[%clk 1:35:30]} 7. Bd3
{[%clk 1:41:28]} Bb7 {[%clk 1:35:16]} 8. Qe2 {[%clk 1:40:30]} c5 {[%clk 1:35:16]}
9. a4 {[%clk 1:38:36]} b4 {[%clk 1:34:21]} 10. dxc5 {[%clk 1:29:06]} Bxc5
{[%clk 1:34:11]} 11. Nbd2 {[%clk 1:28:13]} Nbd7 {[%clk 1:32:40]} 12. e4
{[%clk 1:22:58]} O-O {[%clk 1:16:32]} 13. e5 {[%clk 1:16:23]} Nd5
{[%clk 1:14:05]} 14. Nb3 {[%clk 1:12:52]} Be7 {[%clk 1:12:50]} 15. a5
{[%clk 1:09:29]} Qb8 {[%clk 1:02:33]} 16. h4 {[%clk 1:02:01]} Rd8
{[%clk 0:55:46]} 17. h5 {[%clk 0:54:06]} Nc7 {[%clk 0:37:41]} 18. Re1
{[%clk 0:38:24]} Bd5 {[%clk 0:36:53]} 19. Bc2 {[%clk 0:34:36]} Nb5
{[%clk 0:32:33]} 20. Nfd4 {[%clk 0:32:16]} Nc5 {[%clk 0:20:56]} 21. Qg4
{[%clk 0:29:31]} Kh8 {[%clk 0:16:46]} 22. Nxc5 {[%clk 0:17:49]} Bxc5
{[%clk 0:15:15]} 23. Nf5 {[%clk 0:17:54]} exf5 {[%clk 0:11:17]} 24. Qxf5
{[%clk 0:18:14]} g6 {[%clk 0:11:08]} 25. Qf6+ {[%clk 0:18:39]} Kg8
{[%clk 0:11:36]} 26. Bh6 {[%clk 0:19:00]} Bf8 {[%clk 0:11:43]} 27. Bxf8
{[%clk 0:19:22]} Kxf8 {[%clk 0:11:52]} 28. e6 {[%clk 0:19:46]} Nd6
{[%clk 0:03:49]} 29. e7+ {[%clk 0:19:41]} Kg8 {[%clk 0:04:03]} 30. h6
{[%clk 0:19:56]} Ne8 {[%clk 0:03:31]} 31. exd8=Q {[%clk 0:20:18]} 1-0

[Event "Hastings Masters 2016/17"]
[Site "Hastings, England"]
[Date "2017.01.03"]
[Round "7.21"]
[White "Bellin, Robert"]
[Black "Wilbrandt, Simon Pil"]
[Result "1/2-1/2"]
[WhiteElo "2353"]
[BlackElo "2180"]
[PlyCount "0"]
[EventDate "2016.12.28"]

1. e4 {[%clk 1:40:55]} c5 {[%clk 1:40:52]} 2. b3 {[%clk 1:40:01]} d6
{[%clk 1:41:13]} 3. Bb2 {[%clk 1:40:16]} Nf6 {[%clk 1:41:39]} 4. Nc3
{[%clk 1:38:57]} Nc6 {[%clk 1:41:32]} 5. Bb5 {[%clk 1:36:13]} Bd7
{[%clk 1:39:28]} 6. f4 {[%clk 1:35:38]} a6 {[%clk 1:37:21]} 7. Bxc6
{[%clk 1:35:53]} Bxc6 {[%clk 1:37:46]} 8. Qe2 {[%clk 1:36:11]} e6
{[%clk 1:37:34]} 9. Nf3 {[%clk 1:35:49]} Be7 {[%clk 1:36:26]} 10. d4
{[%clk 1:25:31]} d5 {[%clk 1:13:45]} 11. exd5 {[%clk 1:15:30]} Nxd5
{[%clk 1:02:10]} 12. Nxd5 {[%clk 1:15:45]} Bxd5 {[%clk 1:02:15]} 13. O-O-O
{[%clk 1:06:18]} Qc7 {[%clk 0:52:10]} 14. Ne5 {[%clk 1:01:05]} cxd4
{[%clk 0:48:37]} 15. Rxd4 {[%clk 0:53:43]} O-O {[%clk 0:45:49]} 16. Kb1
{[%clk 0:52:44]} Bf6 {[%clk 0:45:21]} 17. Rd3 {[%clk 0:51:16]} a5
{[%clk 0:38:26]} 18. c4 {[%clk 0:30:07]} Bc6 {[%clk 0:38:02]} 19. a4
{[%clk 0:28:29]} Rad8 {[%clk 0:33:42]} 20. Rhd1 {[%clk 0:21:40]} Rxd3
{[%clk 0:25:56]} 21. Rxd3 {[%clk 0:22:03]} Rd8 {[%clk 0:23:36]} 22. Nxc6
{[%clk 0:20:59]} Rxd3 {[%clk 0:19:44]} 23. Qxd3 {[%clk 0:21:19]} Qxc6
{[%clk 0:17:23]} 24. Bxf6 {[%clk 0:17:55]} 1/2-1/2

[Event "Hastings Masters 2016/17"]
[Site "Hastings, England"]
[Date "2017.01.03"]
[Round "7.22"]
[White "Radovanovic, Jovica"]
[Black "Kalavannan, Koby"]
[Result "1/2-1/2"]
[WhiteElo "2351"]
[BlackElo "2163"]
[PlyCount "0"]
[EventDate "2016.12.28"]

1. d4 {[%clk 1:40:50]} Nf6 {[%clk 1:40:53]} 2. Nf3 {[%clk 1:41:14]} g6
{[%clk 1:41:18]} 3. c4 {[%clk 1:41:38]} Bg7 {[%clk 1:41:44]} 4. Nc3
{[%clk 1:42:03]} O-O {[%clk 1:42:09]} 5. e4 {[%clk 1:42:25]} d6 {[%clk 1:42:37]}
6. Be2 {[%clk 1:42:48]} e5 {[%clk 1:42:59]} 7. Be3 {[%clk 1:43:04]} Nbd7
{[%clk 1:43:21]} 8. O-O {[%clk 1:43:04]} Qe7 {[%clk 1:43:44]} 9. Qc2
{[%clk 1:39:51]} exd4 {[%clk 1:44:02]} 10. Nxd4 {[%clk 1:40:08]} c6
{[%clk 1:44:22]} 11. Kh1 {[%clk 1:28:31]} Nc5 {[%clk 1:27:03]} 12. f3
{[%clk 1:28:47]} d5 {[%clk 1:06:00]} 13. cxd5 cxd5 14. Bg5 {[%clk 1:19:11]} Qe5
{[%clk 1:00:10]} 15. f4 {[%clk 1:14:05]} Qxd4 {[%clk 0:53:51]} 16. Rad1
{[%clk 1:14:08]} Qxd1 {[%clk 0:35:47]} 17. Rxd1 {[%clk 1:06:18]} Ncxe4
{[%clk 0:34:23]} 18. Nxd5 {[%clk 0:30:47]} Nxg5 {[%clk 0:28:27]} 19. Ne7+
{[%clk 0:30:11]} Kh8 {[%clk 0:28:56]} 20. fxg5 {[%clk 0:30:27]} Ng4
{[%clk 0:29:05]} 21. Rd2 {[%clk 0:16:27]} Be6 {[%clk 0:28:11]} 22. h3
{[%clk 0:12:41]} Ne5 {[%clk 0:21:53]} 23. b3 {[%clk 0:09:38]} a6 {[%clk 0:09:13]}
24. Qe4 {[%clk 0:08:36]} Rab8 {[%clk 0:08:39]} 25. Rd1 {[%clk 0:05:48]} Rfe8
{[%clk 0:08:12]} 26. Nd5 {[%clk 0:04:58]} Bf5 {[%clk 0:07:27]} 27. Qh4
{[%clk 0:04:53]} Nd7 {[%clk 0:04:02]} 28. Bf3 {[%clk 0:04:20]} Re6
{[%clk 0:03:04]} 29. Nc7 {[%clk 0:03:24]} Re7 {[%clk 0:02:26]} 30. Qb4
{[%clk 0:03:12]} Bf8 {[%clk 0:02:26]} 31. g4 {[%clk 0:01:52]} Be6
{[%clk 0:01:56]} 32. Nxe6 {[%clk 0:01:21]} Rxe6 33. Qf4 {[%clk 0:01:26]} Ne5
{[%clk 0:02:20]} 34. Bd5 {[%clk 0:00:59]} Re7 {[%clk 0:02:33]} 35. Re1
{[%clk 0:00:56]} Bg7 {[%clk 0:02:47]} 36. Qb4 {[%clk 0:00:50]} Rd7
{[%clk 0:02:34]} 37. Bg2 {[%clk 0:01:02]} Nd3 {[%clk 0:02:40]} 38. Qd2
{[%clk 0:00:44]} Rbd8 {[%clk 0:02:54]} 39. Rf1 {[%clk 0:00:50]} Be5
{[%clk 0:01:49]} 40. Qe3 {[%clk 0:00:51]} Bg7 {[%clk 0:00:49]} 41. a4
{[%clk 0:36:31]} Bf8 {[%clk 0:36:14]} 42. Qb6 {[%clk 0:24:33]} Kg8
{[%clk 0:32:01]} 43. Be4 {[%clk 0:23:46]} Bc5 {[%clk 0:30:02]} 44. Qf6
{[%clk 0:23:34]} Nf2+ {[%clk 0:30:15]} 1/2-1/2

[Event "Hastings Masters 2016/17"]
[Site "Hastings, England"]
[Date "2017.01.03"]
[Round "7.23"]
[White "Healey, Michael W"]
[Black "Cunningham, Robin"]
[Result "1/2-1/2"]
[WhiteElo "2173"]
[BlackElo "2263"]
[PlyCount "0"]
[EventDate "2016.12.28"]

1. b4 e5 2. Bb2 Bxb4 3. Bxe5 Nf6 4. c3 Be7 5. d4 d5 6. e3 O-O 7. Bd3 c5 8. dxc5
Nbd7 9. Bd4 Nxc5 10. Bc2 b6 11. Ne2 Ba6 12. f3 Re8 13. Kf2 Bd6 14. Nd2 Ne6 15.
Nf1 Rc8 16. Nfg3 Nxd4 17. cxd4 g6 18. Bd3 Bc4 19. Bxc4 Rxc4 20. Qb3 Qc7 21. Rhc1
Rc8 22. Nf1 Kg7 23. Nd2 Rc2 24. g3 h5 25. a4 h4 26. Rxc2 Qxc2 27. Rc1 hxg3+ 28.
hxg3 Bxg3+ 29. Kxg3 Nh5+ 30. Kh3 Qxd2 31. Rxc8 Qxe2 32. Rc2 Qxf3+ 33. Kh2 Qg3+
34. Kh1 Nf4 35. Qc3 Qf3+ 36. Kh2 Qh5+ 37. Kg3 Ne2+ 38. Rxe2 Qxe2 39. Qa3 Qe1+ 40.
Kf3 Qf1+ 41. Kg3 Qf6 42. Qb3 Qe6 43. Kf2 g5 44. Qc3 Kg6 45. Qc7 a6 46. Qd8
1/2-1/2

[Event "Hastings Masters 2016/17"]
[Site "Hastings, England"]
[Date "2017.01.03"]
[Round "7.24"]
[White "Vaishali, R"]
[Black "Kalaiyalahan, Akshaya"]
[Result "1-0"]
[WhiteElo "2254"]
[BlackElo "2160"]
[PlyCount "0"]
[EventDate "2016.12.28"]

1. e4 c5 {[%clk 1:39:55]} 2. Nf3 {[%clk 1:40:51]} e6 {[%clk 1:40:07]} 3. d4
{[%clk 1:41:15]} cxd4 {[%clk 1:40:30]} 4. Nxd4 {[%clk 1:41:41]} Nc6
{[%clk 1:40:55]} 5. Nc3 {[%clk 1:42:06]} Qc7 {[%clk 1:41:12]} 6. Be2
{[%clk 1:42:26]} Nf6 {[%clk 1:40:52]} 7. O-O {[%clk 1:42:40]} Be7
{[%clk 1:41:00]} 8. Be3 {[%clk 1:42:14]} d6 {[%clk 1:41:08]} 9. f4
{[%clk 1:42:03]} O-O {[%clk 1:41:14]} 10. Kh1 {[%clk 1:41:43]} Nxd4
{[%clk 1:41:17]} 11. Qxd4 {[%clk 1:40:41]} b6 {[%clk 1:40:18]} 12. e5
{[%clk 1:27:15]} dxe5 {[%clk 1:38:55]} 13. fxe5 {[%clk 1:27:29]} Nd7
{[%clk 1:37:36]} 14. Bf3 {[%clk 1:17:12]} Ba6 {[%clk 1:35:36]} 15. Rfd1
{[%clk 1:09:38]} Rad8 {[%clk 1:35:07]} 16. Qa4 {[%clk 1:09:05]} Nb8
{[%clk 1:24:12]} 17. Bf4 {[%clk 1:00:20]} Bc4 {[%clk 1:02:20]} 18. b4
{[%clk 0:31:09]} a6 19. b5 {[%clk 0:31:04]} axb5 {[%clk 0:57:09]} 20. Nxb5
{[%clk 0:25:59]} Qc5 {[%clk 0:39:08]} 21. Nd6 {[%clk 0:24:40]} b5
{[%clk 0:38:16]} 22. Qa5 Bxd6 23. exd6 {[%clk 0:23:14]} Qf5 {[%clk 0:28:20]} 24.
Bg3 {[%clk 0:18:48]} Qxc2 {[%clk 0:22:58]} 25. Rd2 {[%clk 0:13:28]} Qf5
{[%clk 0:22:37]} 26. a4 {[%clk 0:10:39]} Nd7 {[%clk 0:18:47]} 27. axb5
{[%clk 0:03:39]} Qxb5 {[%clk 0:19:05]} 28. Qxb5 {[%clk 0:02:20]} Bxb5
{[%clk 0:19:30]} 29. Rb1 {[%clk 0:02:45]} Bc4 {[%clk 0:17:33]} 30. Rc1
{[%clk 0:02:22]} Bb5 {[%clk 0:16:02]} 31. h4 {[%clk 0:01:36]} Nf6
{[%clk 0:10:06]} 32. Bf2 e5 {[%clk 0:03:58]} 33. Rc5 {[%clk 0:00:41]} e4
{[%clk 0:03:44]} 34. Rxb5 {[%clk 0:00:57]} exf3 {[%clk 0:04:10]} 35. gxf3
{[%clk 0:01:21]} Rd7 {[%clk 0:03:30]} 36. h5 {[%clk 0:01:06]} h6 {[%clk 0:03:25]}
37. Bh4 {[%clk 0:00:54]} Rfd8 {[%clk 0:02:59]} 38. Bxf6 {[%clk 0:00:35]} gxf6
{[%clk 0:03:24]} 39. Rbd5 {[%clk 0:01:00]} f5 {[%clk 0:02:32]} 40. Kh2
{[%clk 0:47:38]} Kg7 {[%clk 0:41:45]} 41. Kg3 {[%clk 0:45:54]} Ra8
{[%clk 0:42:04]} 42. Kf4 {[%clk 0:44:30]} Ra4+ {[%clk 0:22:10]} 43. Ke5
{[%clk 0:40:08]} Ra3 {[%clk 0:22:20]} 44. Rg2+ {[%clk 0:40:08]} Kf8
{[%clk 0:16:20]} 45. f4 {[%clk 0:25:26]} Re3+ {[%clk 0:16:20]} 46. Kxf5
{[%clk 0:25:26]} Re6 {[%clk 0:16:40]} 47. Rg6 {[%clk 0:24:30]} Re1
{[%clk 0:12:23]} 48. Rxh6 {[%clk 0:24:28]} Kg7 {[%clk 0:12:46]} 49. Rf6
{[%clk 0:24:53]} Rh1 {[%clk 0:12:10]} 50. h6+ {[%clk 0:24:59]} Kh7 51. Re5
{[%clk 0:21:59]} Rd1 {[%clk 0:03:15]} 52. Re7 Rxe7 {[%clk 0:02:34]} 53. dxe7
{[%clk 0:22:26]} Re1 {[%clk 0:02:58]} 54. Rxf7+ {[%clk 0:22:44]} Kxh6
{[%clk 0:03:22]} 55. Rf6+ {[%clk 0:23:05]} Kg7 {[%clk 0:03:40]} 56. Re6
{[%clk 0:23:30]} 1-0

[Event "Hastings Masters 2016/17"]
[Site "Hastings, England"]
[Date "2017.01.03"]
[Round "7.26"]
[White "Rayner, Francis"]
[Black "Taylor, Adam C"]
[Result "0-1"]
[WhiteElo "2080"]
[BlackElo "2212"]
[PlyCount "0"]
[EventDate "2016.12.28"]

1. e4 {[%clk 1:40:40]} e5 {[%clk 1:40:54]} 2. Nf3 {[%clk 1:40:55]} Nc6
{[%clk 1:41:15]} 3. Bb5 {[%clk 1:41:17]} Nf6 {[%clk 1:41:22]} 4. d3
{[%clk 1:37:24]} Bc5 {[%clk 1:41:07]} 5. O-O {[%clk 1:35:37]} Nd4
{[%clk 1:41:23]} 6. Ba4 {[%clk 1:32:00]} Nxf3+ {[%clk 1:27:16]} 7. Qxf3
{[%clk 1:32:22]} c6 {[%clk 1:27:11]} 8. Nc3 {[%clk 1:27:22]} O-O {[%clk 1:21:35]}
9. Bg5 {[%clk 1:24:38]} d6 {[%clk 1:20:48]} 10. Bb3 {[%clk 1:19:46]} a5
{[%clk 1:17:24]} 11. a4 {[%clk 1:14:42]} Kh8 {[%clk 1:13:35]} 12. h3
{[%clk 1:10:55]} Be6 {[%clk 1:12:26]} 13. Ba2 {[%clk 1:07:09]} Bd4
{[%clk 1:05:51]} 14. Nd1 {[%clk 1:02:53]} Qe7 {[%clk 1:04:40]} 15. c3
{[%clk 1:02:15]} Bb6 {[%clk 1:05:06]} 16. Ne3 {[%clk 0:54:35]} Bd8
{[%clk 1:04:19]} 17. Ng4 {[%clk 0:46:05]} Bxg4 {[%clk 1:04:05]} 18. hxg4
{[%clk 0:46:27]} Qd7 {[%clk 1:04:12]} 19. Qf5 {[%clk 0:44:29]} Qc8
{[%clk 1:04:14]} 20. f3 {[%clk 0:36:59]} Nd7 {[%clk 0:59:54]} 21. Bxd8
{[%clk 0:34:20]} Qxd8 {[%clk 1:00:16]} 22. g5 {[%clk 0:31:33]} Qb6+
{[%clk 0:57:02]} 23. Rf2 {[%clk 0:28:38]} Rad8 {[%clk 0:53:29]} 24. g3
{[%clk 0:25:31]} g6 {[%clk 0:50:35]} 25. Qh3 {[%clk 0:25:10]} Qe3
{[%clk 0:49:38]} 26. Qh6 {[%clk 0:20:55]} f6 {[%clk 0:49:39]} 27. Kg2
{[%clk 0:19:27]} Qxg5 {[%clk 0:49:30]} 28. Qh3 {[%clk 0:18:32]} Kg7
{[%clk 0:47:55]} 29. Rh1 {[%clk 0:18:31]} h5 {[%clk 0:46:00]} 30. d4
{[%clk 0:17:04]} Rfe8 {[%clk 0:39:56]} 31. Rd1 {[%clk 0:15:11]} Nf8
{[%clk 0:25:48]} 32. Rfd2 {[%clk 0:15:04]} Rc8 {[%clk 0:25:26]} 33. dxe5
{[%clk 0:14:49]} dxe5 {[%clk 0:25:51]} 34. Rd6 {[%clk 0:12:01]} Rc7
{[%clk 0:24:35]} 35. Bb3 {[%clk 0:05:57]} Ree7 {[%clk 0:24:25]} 36. Rd8
{[%clk 0:05:49]} Qe3 {[%clk 0:23:54]} 37. Bc4 {[%clk 0:04:16]} Nh7
{[%clk 0:20:49]} 38. Rg8+ {[%clk 0:03:29]} Kh6 {[%clk 0:21:18]} 39. Rd6
{[%clk 0:02:18]} Qc5 {[%clk 0:20:00]} 40. Rxg6+ {[%clk 0:00:37]} Kxg6
{[%clk 0:20:20]} 41. Qf5+ {[%clk 0:00:47]} Kg7 {[%clk 0:19:47]} 42. Bg8
{[%clk 0:46:24]} Qxd6 {[%clk 1:06:34]} 43. Qxh7+ {[%clk 0:46:49]} Kf8
{[%clk 1:07:00]} 44. Qh8 {[%clk 0:46:10]} Rf7 {[%clk 1:07:25]} 45. Bxf7+
{[%clk 0:45:02]} Kxf7 {[%clk 1:07:49]} 46. Qh7+ {[%clk 0:43:37]} Ke6
{[%clk 1:07:01]} 47. Qf5+ {[%clk 0:43:41]} Ke7 {[%clk 1:07:22]} 48. Qh7+
{[%clk 0:44:05]} Kd8 {[%clk 1:07:38]} 49. Qg8+ {[%clk 0:39:54]} Kd7
{[%clk 1:07:43]} 50. Qf7+ {[%clk 0:40:18]} Qe7 {[%clk 1:07:57]} 51. Qxh5
{[%clk 0:40:41]} Rc8 {[%clk 1:05:55]} 0-1

[Event "Hastings Masters 2016/17"]
[Site "Hastings, England"]
[Date "2017.01.03"]
[Round "7.27"]
[White "Punnett, Alan K"]
[Black "Hand, Freddie"]
[Result "1/2-1/2"]
[WhiteElo "2047"]
[BlackElo "2205"]
[PlyCount "0"]
[EventDate "2016.12.28"]

1. d4 {[%clk 1:40:57]} d5 {[%clk 1:40:57]} 2. c4 {[%clk 1:41:23]} c6
{[%clk 1:41:24]} 3. g3 {[%clk 1:41:41]} Nf6 {[%clk 1:40:50]} 4. Bg2
{[%clk 1:42:06]} e6 {[%clk 1:32:40]} 5. Nf3 {[%clk 1:42:06]} Bd6 {[%clk 1:31:29]}
6. O-O {[%clk 1:40:43]} Nbd7 {[%clk 1:31:36]} 7. cxd5 {[%clk 1:38:16]} exd5
{[%clk 1:31:27]} 8. Nc3 {[%clk 1:38:39]} O-O {[%clk 1:31:43]} 9. a3
{[%clk 1:37:37]} a5 {[%clk 1:31:30]} 10. Rb1 {[%clk 1:37:59]} Qe7
{[%clk 1:20:55]} 11. Qc2 {[%clk 1:34:12]} Re8 {[%clk 1:11:59]} 12. Nh4
{[%clk 1:32:52]} Nb6 {[%clk 1:07:17]} 13. Nf5 {[%clk 1:25:21]} Bxf5
{[%clk 1:07:22]} 14. Qxf5 {[%clk 1:25:39]} Ne4 {[%clk 1:05:03]} 15. Bxe4
{[%clk 1:10:04]} dxe4 {[%clk 1:05:14]} 16. Bf4 {[%clk 1:06:14]} Bxf4
{[%clk 0:53:51]} 17. Qxf4 {[%clk 1:05:47]} e3 {[%clk 0:48:04]} 18. b3
{[%clk 0:51:33]} Qxa3 {[%clk 0:39:35]} 19. fxe3 {[%clk 0:51:44]} Re7
{[%clk 0:39:03]} 20. e4 {[%clk 0:45:26]} Qb4 {[%clk 0:34:30]} 21. Qd2
{[%clk 0:43:42]} Rd8 {[%clk 0:29:41]} 22. e3 {[%clk 0:43:51]} Nc8
{[%clk 0:28:36]} 23. Qd3 {[%clk 0:40:26]} f6 {[%clk 0:19:35]} 24. Rf4
{[%clk 0:26:22]} Na7 {[%clk 0:10:01]} 25. Qc4+ {[%clk 0:25:01]} Qxc4
{[%clk 0:08:41]} 26. bxc4 {[%clk 0:25:26]} c5 {[%clk 0:06:27]} 27. d5
{[%clk 0:22:56]} Nc8 {[%clk 0:06:48]} 28. Rb5 {[%clk 0:20:58]} b6
{[%clk 0:04:20]} 29. Kf2 {[%clk 0:20:52]} Nd6 {[%clk 0:03:59]} 30. Rxb6
{[%clk 0:21:03]} Nxc4 {[%clk 0:03:48]} 31. Rb5 {[%clk 0:19:21]} Rc7
{[%clk 0:03:57]} 32. Ke2 {[%clk 0:19:00]} Ra8 {[%clk 0:03:19]} 33. Na4
{[%clk 0:18:30]} Nd6 {[%clk 0:01:59]} 34. Rxc5 {[%clk 0:15:50]} Rxc5
{[%clk 0:02:25]} 35. Nxc5 {[%clk 0:16:13]} Rc8 {[%clk 0:02:13]} 36. Ne6
{[%clk 0:14:37]} Nc4 {[%clk 0:02:13]} 37. Rf1 {[%clk 0:13:12]} Ne5
{[%clk 0:00:38]} 38. Kd2 {[%clk 0:12:43]} a4 {[%clk 0:00:42]} 39. Rc1
{[%clk 0:10:59]} Nc4+ {[%clk 0:00:32]} 40. Kd3 {[%clk 0:03:23]} Ne5+
{[%clk 0:00:51]} 41. Kd2 {[%clk 0:03:45]} Nc4+ {[%clk 0:31:36]} 42. Kd3
{[%clk 0:50:40]} Ne5+ {[%clk 0:24:33]} 1/2-1/2

[Event "Hastings Masters 2016/17"]
[Site "Hastings, England"]
[Date "2017.01.03"]
[Round "7.28"]
[White "Scott, Gordon W"]
[Black "Boino, Claudio"]
[Result "0-1"]
[WhiteElo "2198"]
[BlackElo "2066"]
[PlyCount "0"]
[EventDate "2016.12.28"]

1. d4 {[%clk 1:40:56]} d5 {[%clk 1:40:54]} 2. c4 {[%clk 1:41:21]} e6
{[%clk 1:41:18]} 3. Nf3 {[%clk 1:41:47]} Nf6 {[%clk 1:41:42]} 4. g3
{[%clk 1:42:11]} Be7 {[%clk 1:42:05]} 5. Bg2 {[%clk 1:42:37]} O-O
{[%clk 1:42:29]} 6. O-O {[%clk 1:43:03]} dxc4 {[%clk 1:42:54]} 7. Qc2
{[%clk 1:43:29]} a6 {[%clk 1:43:19]} 8. Qxc4 {[%clk 1:43:56]} b5 {[%clk 1:43:41]}
9. Qc2 {[%clk 1:44:23]} Bb7 {[%clk 1:44:01]} 10. Bd2 {[%clk 1:44:49]} Ra7
{[%clk 1:44:25]} 11. a3 {[%clk 1:40:40]} Be4 {[%clk 1:41:20]} 12. Qc1
{[%clk 1:37:30]} Nc6 {[%clk 1:41:06]} 13. e3 {[%clk 1:33:18]} Qa8
{[%clk 1:40:41]} 14. Nc3 {[%clk 1:31:49]} Nxd4 {[%clk 1:38:55]} 15. exd4
{[%clk 1:06:16]} Bxf3 {[%clk 1:39:12]} 16. Bxf3 {[%clk 1:05:48]} Qxf3
{[%clk 1:39:34]} 17. Qd1 {[%clk 1:05:39]} Qf5 {[%clk 1:26:53]} 18. Kg2
{[%clk 0:51:56]} c5 {[%clk 1:22:07]} 19. dxc5 {[%clk 0:48:17]} Rd8
{[%clk 1:20:32]} 20. b4 {[%clk 0:38:07]} Rad7 {[%clk 1:14:48]} 21. Ra2
{[%clk 0:36:53]} Rd3 {[%clk 1:08:53]} 22. Qe2 {[%clk 0:28:34]} h5
{[%clk 0:49:45]} 23. h3 {[%clk 0:21:52]} Nh7 {[%clk 0:44:14]} 24. Rd1
{[%clk 0:15:06]} Bf6 {[%clk 0:42:31]} 25. Ne4 {[%clk 0:05:49]} Qd5
{[%clk 0:40:01]} 26. Rc2 {[%clk 0:03:19]} Be5 {[%clk 0:39:14]} 27. f3
{[%clk 0:02:22]} Qb3 {[%clk 0:36:53]} 28. Rdc1 {[%clk 0:01:25]} Bb2
{[%clk 0:34:21]} 29. Bg5 {[%clk 0:01:41]} Nxg5 {[%clk 0:26:50]} 30. Rxb2
{[%clk 0:01:36]} Qd5 {[%clk 0:27:00]} 31. Nxg5 {[%clk 0:01:15]} Qxg5
{[%clk 0:27:20]} 32. Rcc2 {[%clk 0:01:41]} h4 {[%clk 0:27:09]} 33. g4
{[%clk 0:01:37]} Qf4 {[%clk 0:27:26]} 34. Qf2 {[%clk 0:01:49]} g5
{[%clk 0:26:58]} 35. Ra2 {[%clk 0:01:17]} f5 {[%clk 0:19:58]} 36. gxf5
{[%clk 0:01:09]} exf5 {[%clk 0:19:50]} 37. c6 {[%clk 0:00:45]} g4
{[%clk 0:16:57]} 38. hxg4 {[%clk 0:01:09]} h3+ {[%clk 0:16:58]} 0-1